Catálogo

Liderazgo y comportamiento organizacional / (Registro nro. 64380)

Detalles MARC
000 -LEADER
fixed length control field 01154cam a2200313 i 4500
001 - CONTROL NUMBER
control field 64380
003 - CONTROL NUMBER IDENTIFIER
control field Mx-PuUPA
005 - DATE AND TIME OF LATEST TRANSACTION
control field 20220628154825.0
008 - FIXED-LENGTH DATA ELEMENTS--GENERAL INFORMATION
fixed length control field 160330s2017 mx a gr 000 | spa d
020 ## - INTERNATIONAL STANDARD BOOK NUMBER
International Standard Book Number 9786071730251
040 ## - CATALOGING SOURCE
Original cataloging agency Mx-PuUPA
Language of cataloging spa
Description conventions rda
Transcribing agency Mx-PuUPA
Modifying agency Mx-PuUPA
041 0# - LANGUAGE CODE
Language code of text/sound track or separate title spa
100 1# - MAIN ENTRY--PERSONAL NAME
Personal name Aguiar Sierra, Rocío,
Relator term autor
9 (RLIN) 11932
245 10 - TITLE STATEMENT
Title Liderazgo y comportamiento organizacional /
Statement of responsibility, etc. Rocío Aguilar Sierra, Leny Michele Pinzón Lizarraga
250 ## - EDITION STATEMENT
Edition statement Primera edición
264 #1 - PRODUCTION, PUBLICATION, DISTRIBUTION, MANUFACTURE, AND COPYRIGHT NOTICE
Place of production, publication, distribution, manufacture Ciudad de México :
Name of producer, publisher, distributor, manufacturer Editorial Trillas,
Date of production, publication, distribution, manufacture, or copyright notice 2017
300 ## - PHYSICAL DESCRIPTION
Extent 69 páginas :
Other physical details ilustraciones ;
Dimensions 27 cm
336 ## - CONTENT TYPE
Content type term texto
Content type code txt
Fuente rdacontent
337 ## - MEDIA TYPE
Media type term sin medio
Media type code n
Source rdamedia
338 ## - CARRIER TYPE
Carrier type term volumen
Carrier type code nc
Source rdacarrier
500 ## - GENERAL NOTE
General note "Percepciones y toma de decisiones ; Teorías sobre el liderazgo ; comportamiento grupal". -- Cubierta.
650 #7 - SUBJECT ADDED ENTRY--TOPICAL TERM
Topical term or geographic name entry element Liderazgo
Source of heading or term armarc
650 #7 - SUBJECT ADDED ENTRY--TOPICAL TERM
Topical term or geographic name entry element Comportamiento organizacional
Source of heading or term armarc
650 #7 - SUBJECT ADDED ENTRY--TOPICAL TERM
Topical term or geographic name entry element Administración de personal
Source of heading or term armarc
700 1# - ADDED ENTRY--PERSONAL NAME
Personal name Pinzón Lizarraga, Leny Michele,
Relator term autor
942 ## - ADDED ENTRY ELEMENTS (KOHA)
Source of classification or shelving scheme Dewey Decimal Classification
Classification part 658.4092
Koha item type Libro
Item part A282
Existencias
Withdrawn status Lost status Source of classification or shelving scheme Damaged status Not for loan Collection code Home library Current library Shelving location Date acquired Total Checkouts Full call number Barcode Date last seen Price effective from Koha item type Copy number
    Dewey Decimal Classification     General Tehuacán Tehuacán Sala general 28/02/2022   658.4092 A282 2017 968000000740 08/01/2025 28/02/2022 Libro  
    Dewey Decimal Classification     General Tehuacán Tehuacán Sala general 30/08/2022   658.4092 A282 2017 968000000966 08/01/2025 30/08/2022 Libro Ej.2